[Event "Defend the french."]
[Site "SchemingMind.com"]
[Date "2005.03.11"]
[Round "-"]
[White "piono"]
[Black "Mouse"]
[Result "1-0"]
[WhiteCountry "ARG"]
[BlackCountry "INT"]
[WhiteElo "1711"]
[WhiteRD "116"]
[BlackElo "1265"]
[BlackRD "90"]
[GameID "9453"]

1. e4 e6 2. d4 d5 3. Nc3 dxe4 4. Nxe4 f5 5. Ng5 h6 6. Qh5+ Kd7 7. Qf7+ Kd6 8. Bf4+ Kd5 9. c4+ Kxd4 10. Rd1+ Kc5
11. Rxd8 Nc6 12. Qxc7 Rh7 13. a3 hxg5 14. Be3#
1-0

[Event "Defend the french."]
[Site "SchemingMind.com"]
[Date "2005.02.25"]
[Round "-"]
[White "annwn"]
[Black "Mouse"]
[Result "1-0"]
[WhiteCountry "ARG"]
[BlackCountry "INT"]
[WhiteElo "1431"]
[WhiteRD "128"]
[BlackElo "1265"]
[BlackRD "90"]
[GameID "9454"]

1. e4 e6 2. b3 c5 3. Nf3 f5 4. Bd3 Nf6 5. e5 Nd5 6. g3 d6 7. Bb5+ Bd7 8. Na3 dxe5 9. Nxe5 Bxb5 10. Nxb5 a6
11. Nc3 Bd6 12. Nc4 Ke7 13. d3 Nc6 14. Nxd5+ exd5 15. Bg5+
1-0